000 01089nam a22002657a 4500
003 PE SENCICO BE
005 20251020182639.0
008 230710b |||||||| |||| 00| 0 eng d
040 _aPE SENCICO BE
_cPE SENCICO BE
041 _aspa
084 _aI
_aTOP
_a2015
_bS18
100 1 _91226
_aSaldaña Pacheco, Enrique Arturo
_eautor
245 1 _aCatastro de un componente urbano pistas :
_baplicado al catastro peruano /
_cEnrique Arturo Saldaña Pacheco
260 _aLima :
_c2015
300 _a49 h. :
_bil. col. ;
_c29 cm.
502 _aMonografía de Titulación.-- Servicio Nacional de Capacitación para la Industria de la Construcción. Escuela Superior Técnica. Carrera Profesional Técnica en Topografía y Geodesía, 2015.
650 1 4 _94
_aTopografía
650 2 4 _91191
_aCatastro
650 2 4 _91217
_aCatastro urbano
650 2 4 _9352
_aCarreteras
650 2 4 _9220
_aDiseño geométrico de carreteras
710 1 _aServicio Nacional de Capacitación para la Industria de la Construcción.
_bEscuela Superior Técnica
_91065
910 _bhfp
_chfp
942 _cMON
999 _c4237
_d4237